| 000 | 01543nam0a2200349 4500 | ||
|---|---|---|---|
| 001 | RU\NLR\bibl\897912 | ||
| 005 | 20260406045512.0 | ||
| 010 |
_a5-901725-12-3 _9500 |
||
| 035 | _a(NLR Aleph) 000886366 | ||
| 090 |
_a1690840 _c1690840 |
||
| 100 | _a20060118d2004 |||y0rusy50 ca | ||
| 101 | 0 | _arus | |
| 102 | _aRU | ||
| 105 | _aa ||||||||| | ||
| 200 | 1 |
_aЮдомо-Майское нагорье _fР.В. Седов |
|
| 210 |
_aХабаровск _cХворов А. Ю. _d2004 |
||
| 215 |
_a271 с. _cил., карт. _d20 |
||
| 225 | 1 |
_aСеверо-Восток России _iПутешествия |
|
| 300 | _aНа обороте тит.л. авт.: засл. мастер спорта по туризму | ||
| 320 | _aБиблиогр.: с. 265-268 | ||
| 320 | _aАлф. указ. перевалов и вершин: с. 253-260 | ||
| 606 | 1 |
_aТуристские маршруты _yЮдомо-Майское нагорье (Сибирь Северо-Восточная) _92411403 _3RU\NLR\auth\661436719 |
|
| 607 |
_aЮдомо-Майское нагорье (Сибирь Северо-Восточная) _xОписание и путешествия _92410779 _3RU\NLR\auth\661436395 |
||
| 686 | _aЧ518.115(2Р5) | ||
| 686 | _aД890(2Р51,5)022 | ||
| 700 | 1 |
_4070 _8rus _7ca _aСедов _bР. В. _f1937- _gРудольф Владимирович _3RU\NLR\AUTH\775182 _9115150 |
|
| 801 | 0 |
_aRU _bNLR _c20060118 _grcr |
|
| 801 | 1 |
_aRU _bNLR _c20060118 |
|
| 830 | _aавт. по кн. | ||
| 942 | _cBOOK | ||
| 980 | _aNB | ||